| 000 | 01150nam a2200217Ia 4500 | ||
|---|---|---|---|
| 999 |
_c38157 _d38157 |
||
| 001 | 4147 | ||
| 003 | GE_BSU | ||
| 005 | 20190917171441.0 | ||
| 008 | 181216s1977||||ge |||||||||||||| ||geo|| | ||
| 040 | _cGE_BSU | ||
| 041 | _ageo | ||
| 080 | _a398(479.223) ნ–90 | ||
| 100 |
_aნოღაიდელი, ჯემალ _9114 |
||
| 245 |
_aნარკვევები და ჩანაწერები : _bკრებული. წ. 3 : ქართული ხალხური სიტყვიერება ; აჭარული მასალები / _cკრებულის გამოსაცემად მომზადება, შენიშვნები და რედაქცია ი. მეგრელიძისა. |
||
| 264 |
_aბათუმი : _bსაბჭ. აჭარა, _c1977. |
||
| 300 |
_a140 გვ. ; _b22 სმ. |
||
| 653 | _aქართული ხალხური სიტყვიერება | ||
| 653 | _aაჭარული მასალები | ||
| 700 |
_aმეგრელიძე, ი. _eრედაქტორი _91203 |
||
| 942 |
_cBK _2udc |
||